000
00275nam a2200109Ia 4500
008
200302s9999 xx 000 0 und d
100
_a
Thomas Herzog ed.
245
_a
Solar Energy in Architecture and Urban Planning
260
_b
Publisher
260
_c
1996
300
_a
223 P.,
999
_c
5468
_d
5468